000 01824ncm0a2200361 4500
001 RU\NLR\ONIZ\226803
005 20250623205523.0
035 _a(NLR Aleph) 012094769
071 2 0 _a7435
090 _a11873357
_c11873357
100 _a20190828d1880 |||y0rusy50 ca
101 0 _ager
102 _aRU
125 _axx
145 0 _ab
200 1 _aSechzehn Vierhändige Clavier-Stücke
_bНоты
_ezum Unterrichte für Anfänger
_eop. 1
_h1 Heft
_fvon F. Neumann
210 _aSt. Petersburg
_cbei M. Bernard
_d[1880]
215 _a27 с.
_d35 см
313 _aСистематизация документа проведена по изданию - Методика классифицирования музыкальных произведений (нотных изданий) по таблицам Библиотечно-библиографических классификаций : метод. рекомендации / Гос. б-ка СССР им. В.И. Ленина.- М., 1977. Индексу ББК методических рекомендаций присваивается код ББК для научных библиотек - LBC/SL
317 _6b02899
_aНа тит. л. штамп Муз. маг. К. Круг
_5NLR
500 0 0 _aПьесы (16) для фортепиано в 4 руки
_bНоты
_sOp. 1 Heft 1
_rФортепиано в 4 руки
606 1 _aФортепианные ансамбли
_2nlr_sh
686 _aЩ952.425.4-059(4Г)
_vLBC/SL
_2rubbk
700 1 _9z03790
_aНойман
_bФ.
_4230
_7ca
790 1 _9z03700
_aNeumann
_bF.
_4230
_7ba
801 0 _aRU
_bNLR
_c20190828
_gPSBO
801 1 _aRU
_bNLR
_c20190828
_2rusmarc
801 2 _aRU
_bNLR
_c20200214
852 _6b02317
_aNLR
_bМ
_jК-4/4207
_p263211
_t1
942 _cSCORE
980 _aNB
980 _aONIZ